000 00890nam a22002897a 4500
001 BR8107275
003 BR-BrBNA
005 20230928091111.0
007 ta
008 230509b bl.||||| |||| 00| 0 por d
040 _aBR-BrBNA
_bpor
_cBiblioteca Nacional de Agricultura
041 _a(Por)
072 _aH20
_b2110
090 _ 2110 BR8107275
100 1 _aAlves, A.M.B.
110 1 _aComissao Executiva do Plano da Lavoura Cacaueira, Belem, PA (Brasil). Depto. Especial da Amazonia
_92095
245 1 _aLevantamento bibliografico sobre vassoura de bruxa do cacaueiro Crinipellis perniciosa (Stahel)Singer [Bibliografia]
260 3 _aBelem, PA (Brasil):
_c1981.
300 _a20 p.
650 _aCACAU
650 _aFUNGO
650 _aDOENCA DE PLANTA
650 _aVASSOURA-DE-BRUXA
650 _aBIBLIOGRAFIA
909 _a202309
_bLucia
_c55
_dLucia Elande
942 _cBK
999 _c32218
_d32218